Statistiken für Gemeinden im Kanton Schwyz

Klicken Sie hier um das Quiz zu spielen!

Allgemein

  • Dieses Quiz wurde 84 mal gespielt
  • Das Durchschnittsergebnis liegt bei 19 aus 30

Antwortstatistiken

BezirkGemeinden% Korrekt
EinsiedelnEinsiedeln
97%
SchwyzSchwyz
97%
SchwyzArth
91%
KüssnachtKüssnacht (SZ)
88%
GersauGersau
82%
SchwyzIngenbohl
76%
SchwyzMuotathal
73%
HöfeFreienbach
70%
HöfeWollerau
67%
HöfeFeusisberg
64%
MarchLachen
64%
SchwyzSteinen
64%
SchwyzLauerz
61%
MarchSchübelbach
61%
SchwyzSattel
58%
MarchTuggen
58%
MarchWangen (SZ)
58%
MarchAltendorf
55%
MarchGalgenen
55%
SchwyzRothenthurm
55%
SchwyzAlpthal
52%
MarchInnerthal
52%
SchwyzMorschach
52%
SchwyzOberiberg
52%
MarchReichenburg
52%
SchwyzSteinerberg
52%
SchwyzUnteriberg
52%
MarchVorderthal
52%
SchwyzIllgau
48%
SchwyzRiemenstalden
48%

Verteilung der Resultate

Perzentil nach korrekt beantworteten Fragen

Anzahl Personen mit jedem Resultat

Ihre Resultats-Entwicklung

Sie haben dieses Quiz noch nicht gespielt